Nové trendy v oblasti kúpeľných služieb v krajinách V4 bakalárska práca

Saved in:
Bibliographic Details
Main Author: Haring, Kevin
Corporate Author: Obchodná fakulta EU. Katedra služieb a cestovného ruchu - zrušené
Other Authors: Veszprémi Sirotková, Anna, 1966-
Format: Book
Language:Slovak
Published: Bratislava 2022
Tags: Add Tag
No Tags, Be the first to tag this record!

MARC

LEADER 00000nbm a2200000 4500
001 0285839
005 20221205131837.5
041 0 |a slo 
044 |a SK 
245 1 0 |a Nové trendy v oblasti kúpeľných služieb v krajinách V4  |b bakalárska práca  |c Kevin Haring ; školiteľ: Anna Veszprémi Sirotková 
264 1 |a Bratislava  |c 2022 
300 |a 56 s. 
100 1 |a Haring, Kevin 
700 1 |a Veszprémi Sirotková, Anna, 1966- 
710 2 |a Obchodná fakulta EU. Katedra služieb a cestovného ruchu - zrušené